| Tag |
First Indicator |
Second Indicator |
Subfields |
| LEADER |
00000cam a2200000 a 4500 |
| 001 |
in00002550621 |
| 005 |
20151201150101.0 |
| 008 |
090622s2010 enk b 001 0 eng |
| 010 |
|
|
|a 2009025532
|
| 015 |
|
|
|a GBA966942
|2 bnb
|
| 016 |
7 |
|
|a 015307333
|2 Uk
|
| 020 |
|
|
|a 9780415776318 (hbk.)
|
| 020 |
|
|
|a 0415776317 (hbk.)
|
| 020 |
|
|
|a 9780415776325 (pbk.)
|
| 020 |
|
|
|a 0415776325 (pbk.)
|
| 020 |
|
|
|a 9780203862971 (ebook)
|
| 020 |
|
|
|a 020386297X (ebook)
|
| 029 |
1 |
|
|a CDX
|b 7493164
|
| 029 |
1 |
|
|a CDX
|b 9468926
|
| 029 |
1 |
|
|a AU@
|b 000045370204
|
| 035 |
|
|
|a (OCoLC)ocn228374461
|
| 035 |
|
|
|a (OCoLC)228374461
|
| 040 |
|
|
|a DLC
|c DLC
|d BTCTA
|d BAKER
|d YDXCP
|d BWKUK
|d UKM
|d CDX
|d UtOrBLW
|
| 049 |
|
|
|a TXAM
|
| 050 |
0 |
0 |
|a JZ6369
|b .B35 2010
|
| 082 |
0 |
0 |
|a 341.5/84
|2 22
|
| 100 |
1 |
|
|a Barnett, Michael N.,
|d 1960-
|
| 245 |
1 |
4 |
|a The international humanitarian order /
|c Michael N. Barnett.
|
| 264 |
|
1 |
|a London ;
|a New York :
|b Routledge,
|c 2010.
|
| 300 |
|
|
|a x, 230 pages ;
|c 24 cm.
|
| 336 |
|
|
|a text
|b txt
|2 rdacontent
|
| 337 |
|
|
|a unmediated
|b n
|2 rdamedia
|
| 338 |
|
|
|a volume
|b nc
|2 rdacarrier
|
| 490 |
1 |
|
|a Security and governance series
|
| 504 |
|
|
|a Includes bibliographical references and index.
|
| 650 |
|
0 |
|a Humanitarian intervention.
|
| 650 |
|
0 |
|a International relief.
|
| 650 |
|
0 |
|a Security, International.
|
| 650 |
|
0 |
|a World politics
|y 21st century.
|
| 650 |
|
0 |
|a Forced migration.
|
| 830 |
|
0 |
|a Security and governance series.
|
| 938 |
|
|
|a Baker and Taylor
|b BTCP
|n BK0007807303
|
| 938 |
|
|
|a Baker & Taylor
|b BKTY
|c 39.95
|d 39.95
|i 0415776325
|n 0007805612
|s active
|
| 938 |
|
|
|a Coutts Information Services
|b COUT
|n 9468926
|c £21.99
|
| 938 |
|
|
|a YBP Library Services
|b YANK
|n 2982182
|
| 945 |
|
|
|a PromptCat
|b 963265
|
| 946 |
|
|
|a stk
|
| 947 |
|
|
|a A14840284764
|
| 994 |
|
|
|a 92
|b TXA
|
| 948 |
|
|
|a Cataloged
|b h
|c 2010/4/29
|d c
|e ibarton
|
| 999 |
|
|
|a MARS
|
| 999 |
f |
f |
|s 391e53bf-1e98-3f70-95a2-62ecb4c5bea0
|i abcb84ac-b75a-3879-8f82-2ce215d35853
|t 0
|
| 952 |
f |
f |
|p normal
|a Texas A&M University
|b College Station
|c Sterling C. Evans Library
|d Evans: Library Stacks
|t 0
|e JZ6369 .B35 2010
|h Library of Congress classification
|i unmediated -- volume
|m A14840284764
|
| 998 |
f |
f |
|a JZ6369 .B35 2010
|t 0
|l Evans: Library Stacks
|